Untapped potential (Record no. 106543)

MARC details
000 -LEADER
fixed length control field 01823cam a2200241 4500
001 - CONTROL NUMBER
control field L136911
008 - FIXED-LENGTH DATA ELEMENTS--GENERAL INFORMATION
fixed length control field 070302n2007 000 0 eng u
020 ## - INTERNATIONAL STANDARD BOOK NUMBER
International Standard Book Number 1902786882
035 ## - SYSTEM CONTROL NUMBER
System control number (Sirsi) u136911
041 0# - LANGUAGE CODE
Language code of text/sound track or separate title eng
050 ## - LIBRARY OF CONGRESS CALL NUMBER
Classification number 333.73 $2 18
110 2# - MAIN ENTRY--CORPORATE NAME
Corporate name or jurisdiction name as entry element Campaign to Protect Rural England
9 (RLIN) 4718
245 00 - TITLE STATEMENT
Title Untapped potential
Remainder of title identifying and delivering residential development on previously developed land: overview of recent practice
Medium [electronic resource]
260 ## - PUBLICATION, DISTRIBUTION, ETC.
Place of publication, distribution, etc. London
Name of publisher, distributor, etc. CPRE
Date of publication, distribution, etc. 2007
505 2# - FORMATTED CONTENTS NOTE
Formatted contents note Introduction: the potential of previously developed land; the policy position; assessing the potential; untapped potential: practice and implications -- Key Findings: introduction; capacity assessments are underestimating actual previously developed land potential; the contribution of small sites is underestimated; strong density policy helps increase development on previously developed land; rigorous monitoring is key to accurate assessment of supply; proactive development of previously developed land stimulates sustainable renaissance -- Key practice issues: capacity assessments; recognising the potential of small sites; strong density policy; the importance of monitoring; a proactive approach - realising potential.
520 ## - SUMMARY, ETC.
Summary, etc. Highlights how both rural and urban communities benefit from making effective use of urban brownfield land. Provides a signpost for forthcoming guidance and best practice in urban capacity identification and delivery, based on local authority experience to date.
590 ## - LOCAL NOTE (RLIN)
Local note KA NTK
650 24 - SUBJECT ADDED ENTRY--TOPICAL TERM
Topical term or geographic name entry element PLANNING POLICY STATEMENT 3
651 #4 - SUBJECT ADDED ENTRY--GEOGRAPHIC NAME
Geographic name England
Chronological subdivision 886-
690 ## - LOCAL SUBJECT ADDED ENTRY--TOPICAL TERM (OCLC, RLIN)
Topical term or geographic name as entry element PROPERTY-RESIDENTIAL PROPERTY-RESIDENTIAL PROPERTY DEVELOPMENT
856 40 - ELECTRONIC LOCATION AND ACCESS
Uniform Resource Identifier <a href="https://www.cpre.org.uk/news/view/367">https://www.cpre.org.uk/news/view/367</a>
Public note View the report free of charge at www.cpre.org.uk...
942 ## - ADDED ENTRY ELEMENTS (KOHA)
Suppress in OPAC 0
Holdings
Withdrawn status Lost status Source of classification or shelving scheme Damaged status Not for loan Home library Current library Shelving location Date acquired Total Checkouts Full call number Barcode Date last seen Copy number Price effective from Koha item type
    Dewey Decimal Classification     Virtual Virtual Online 02/03/2007   ONLINE PUBLICATION 136911-1001 06/08/2019 1 06/08/2019 Book